000 00779nam a2200241Ia 4500
001 580
003 GE_BSU
008 181216s||||||||xx |||||||||||||| ||und||
020 _a9789941140259
040 _cGE_BSU
080 _a339(075.8)
100 _aჯოლია, გ.
245 _aსაერთაშორისო ეკონომიკური ურთიერთობა
245 _bსახელმძღვანელო
245 _cრსდ. ბარათაშვილი ევგენი
260 _aთბილისი
260 _bტექნიკ. უნ-ტი
260 _c2008
300 _a684 გვ.
541 _h60 ლ.
653 _aეკონომიკური ურთიერთობა
942 _cBK
999 _c34770
_d34770